Problem solved : a powerful system for making complex decisions with confidence and conviction
| Main Author: | |
|---|---|
| Format: | Book |
| Published: |
Wayne,NJ :
The Career Press,Inc. ,
2017
|
| Subjects: |
MARC
| LEADER | 00000cam a2200000 7i4500 | ||
|---|---|---|---|
| 001 | 0000220709 | ||
| 005 | 20180409.0 | ||
| 020 | |a 9781632650863 | ||
| 090 | 0 | 0 | |a 153.83 |b EIN |
| 100 | 1 | |a Einhorn, Cherryl Strauss | |
| 245 | 1 | 0 | |a Problem solved : |b a powerful system for making complex decisions with confidence and conviction |c Cheryl Strauss Einhorn |
| 260 | |a Wayne,NJ : |b The Career Press,Inc. , |c 2017 | ||
| 300 | |a 223p. ; |c 23cm. | ||
| 650 | 0 | |a Decision making | |
| 650 | 0 | |a Problem solving | |
| 999 | |a 00349195 |b BUKU |c PINJAMAN |e PERPUSTAKAAN KOMUNITI PETALING JAYA | ||